| Tag |
First Indicator |
Second Indicator |
Subfields |
| LEADER |
00000cam a2200000 a 4500 |
| 001 |
in00000006404 |
| 005 |
20151002050042.0 |
| 008 |
991115s1999 dcuab f000 0 eng d |
| 035 |
|
|
|a (OCoLC)42828439
|
| 035 |
|
|
|9 AJL6339AM
|
| 040 |
|
|
|a GPO
|c GPO
|d DLC
|d MvI
|d UtOrBLW
|
| 043 |
|
|
|a n-us-wv
|
| 049 |
|
|
|a UDOC
|
| 074 |
|
|
|a 0085
|
| 086 |
0 |
|
|a A 13.13:M 75/20
|
| 245 |
0 |
0 |
|a Lake Sherwood, hiking guide :
|b America's great outdoors.
|
| 246 |
3 |
|
|a Lake Sherwood
|
| 264 |
|
1 |
|a [Washington, D.C.?] :
|b White Sulphur Ranger District, Monongahela National Forest, U.S. Dept. of Agriculture, Forest Service,
|c [1999]
|
| 300 |
|
|
|a 1 sheet :
|b illustrations, maps ;
|c 41 x 23 cm., folded to 23 x 11 cm.
|
| 336 |
|
|
|a text
|b txt
|2 rdacontent
|
| 337 |
|
|
|a unmediated
|b n
|2 rdamedia
|
| 338 |
|
|
|a sheet
|b nb
|2 rdacarrier
|
| 500 |
|
|
|a Shipping list number: 2000-0031-P.
|
| 500 |
|
|
|a "9/99"--P. [2].
|
| 500 |
|
|
|a Shipping List #: 2000-0031-P
|
| 500 |
|
|
|a Shipping List Date: 11/02/1999
|
| 650 |
|
0 |
|a Wilderness areas
|z West Virginia
|z Monongahela National Forest.
|
| 650 |
|
0 |
|a Outdoor recreation
|z West Virginia
|z Monongahela National Forest.
|
| 651 |
|
0 |
|a Monongahela National Forest (W. Va.)
|
| 710 |
1 |
|
|a United States.
|b Forest Service.
|
| 999 |
|
|
|a MARS
|
| 999 |
f |
f |
|s 8b9b4577-ca2f-3e49-a446-60751acb5aa1
|i f0c29e00-e907-35d5-8f3e-4e590881d9b8
|t 0
|
| 952 |
f |
f |
|p normal
|a Texas A&M University
|b College Station
|c Sterling C. Evans Library
|d Evans: Maps (2nd floor)
|t 0
|e A 13.13:M 75/20
|h Superintendent of Documents classification
|i unmediated -- sheet
|m A14824294199
|
| 998 |
f |
f |
|a A 13.13:M 75/20
|t 0
|l Evans: Maps (2nd floor)
|